• 首页
  • 本馆介绍
  • 公告通知
  • 最新文献
  • 馆藏检索
  • 电子资源
  • 读者导购
  • 参考咨询
  • 我的图书馆
  • 登录
  • 详细信息显示
  • 放入我的书架
  • 预约/预借图书
  • 作者相关作品
  • 分类相关作品
  • 丛书相关作品
  • 出版社相关作品

书目信息

  • 表格格式
  • 工作单格式
  • 卡片格式
题名:
制冷空调系统仿真原理与技术
    
 
作者: 张春路 编著
分册:  
出版信息: 北京   化学工业出版社  2013.9
页数: 156页
开本: 26cm
丛书名:
单 册:
中图分类: TB657.2
科图分类:
主题词: 制冷装置--空气调节器--系统仿真
电子资源:
ISBN: 978-7-122-15002-8
000 01193nam0 2200241 45
001 311957
005 20130606163311.65
010    @a978-7-122-15002-8@dCNY48.00
100    @a20130606d2013 em y0chiy50 ea
101 0  @achi
102    @aCN@b110000
105    @ay z 000yy
106    @ar
200 1  @a制冷空调系统仿真原理与技术@AZhi Leng Kong Diao Xi Tong Fang Zhen Yuan Li Yu Ji Shu@dFundamentals of vapor-compression refrigeration and air-conditioning system modeling@f张春路编著@FZhang Chun Lu Bian Zhu@zeng
210    @a北京@c化学工业出版社@d2013.9
215    @a156页@d26cm
330    @a本书全面阐述了制冷系统稳态仿真技术的原理,包括制冷系统仿真技术概论、计算方法基础、制冷剂和载冷剂(包括湿空气)的热物性简化计算、压缩机模型、节流元件模型、冷凝器模型、蒸发器模型、辅助设备模型(包括泵与风机、连接管、四通换向阀、储液器和气液分离器等)、制冷系统模型以及仿真技术在制冷空调系统中的应用等内容。
510 1  @aFundamentals of vapor-compression refrigeration and air-conditioning system modeling@zeng
606 0  @a制冷装置@x空气调节器@x系统仿真
690    @aTB657.2@v5
701  0 @a张春路@AZhang Chun Lu@4编著
801  0 @aCN@bTANGWEI@c20130523
905    @b0836194-97@dTB657.2@e228@f4
    
    制冷空调系统仿真原理与技术=Fundamentals of vapor-compression refrigeration and air-conditioning system modeling/张春路编著.-北京:化学工业出版社,2013.9
    156页;26cm
    
    
    ISBN 978-7-122-15002-8:CNY48.00
    本书全面阐述了制冷系统稳态仿真技术的原理,包括制冷系统仿真技术概论、计算方法基础、制冷剂和载冷剂(包括湿空气)的热物性简化计算、压缩机模型、节流元件模型、冷凝器模型、蒸发器模型、辅助设备模型(包括泵与风机、连接管、四通换向阀、储液器和气液分离器等)、制冷系统模型以及仿真技术在制冷空调系统中的应用等内容。
●
相关链接 在E读中查询图书 在五车中查询图书 在当当中查询图书 在豆瓣中查询图书


正题名:制冷空调系统仿真原理与技术     索取号:TB657.2/228         预约/预借

序号 登录号 条形码 馆藏地/架位号 状态 备注
1 0836194   208361949   第二样本阅览室/ [索取号:TB657.2/228] 在馆    
2 0836195   208361958   第三借阅区/ [索取号:TB657.2/228] 在馆    
3 0836196   208361967   第三借阅区/ [索取号:TB657.2/228] 在馆    
4 0836197   208361976   第三借阅区/ [索取号:TB657.2/228] 在馆    
唐山师范学院图书馆 欢迎您!
大连网信软件有限公司© 版权所有